Dlhodobý finančný majetok

Členenie dlhodobého finančného majetku. Dcérska a materská účtovná jednotka. Príklad.

Salvato in:
Dettagli Bibliografici
Autore principale: Šulovská, Miriama, 1980-
Natura: Capitolo di libro
Lingua:slovacco
Soggetti:
Tags: Aggiungi Tag
Nessun Tag, puoi essere il primo ad aggiungerne!!

MARC

LEADER 00000naa$a2200000$$$4500
001 0066366
005 20240502071804.1
041 0 |a slo 
044 |a SK 
245 1 0 |a Dlhodobý finančný majetok  |c Miriama Šulovská 
520 |a Členenie dlhodobého finančného majetku. Dcérska a materská účtovná jednotka. Príklad. 
610 2 0 |a majetok dlhodobý 
610 2 0 |a majetok finančný 
610 2 0 |a spoločnosti dcérske 
610 2 0 |a spoločnosti materské 
100 1 |a Šulovská, Miriama, 1980-